| 000 | 00496nam a2200181 a 4500 | ||
|---|---|---|---|
| 005 | 20230130063531.0 | ||
| 008 | 991125s1975 mx 000 0 spa u | ||
| 035 | _aUPN01000036345 | ||
| 049 | _aCG | ||
| 050 | 4 |
_aRC372 A4 _bH4.4 |
|
| 100 | 1 | _aHernández-Peniche, J. | |
| 245 | 1 | 0 |
_aManual de epilepsia para padres y maestros / _cJ. Hernández-Peniche. |
| 260 |
_aMéxico : _bDiana, _c1975. |
||
| 300 | _a110 p. | ||
| 650 | 2 |
_aEpilepsia _921539 |
|
| 650 | 4 |
_aEPILEPTICOS _921540 |
|
| 905 | _aLibro | ||
| 999 |
_c36345 _d36345 |
||